Nový rozměr finanční nerovnováhy eurozóny
Problém súvisiaci s kumulovaním vysokých clearingových zostatkov národných centrálnych bánk v medzibankovom zúčtovacom systéme krajín Európskej menovej únie s názvom TARGET, resp. TARGET 2. Export a import tovarov a zúčtovací systém TARGET. Menová politka a zúčtovací systém TARGET. Nerovnováha bežný...
Saved in:
| Main Author: | |
|---|---|
| Other Authors: | |
| Format: | Book Chapter |
| Language: | Czech |
| Subjects: | |
| Tags: |
No Tags, Be the first to tag this record!
|
MARC
| LEADER | 00000naa a2200000 4500 | ||
|---|---|---|---|
| 001 | 0150697 | ||
| 005 | 20231211082106.9 | ||
| 041 | 0 | |a cze | |
| 044 | |a CZ | ||
| 245 | 1 | 0 | |a Nový rozměr finanční nerovnováhy eurozóny |c Martin Mandel, Vladimír Tomšík |
| 520 | |a Problém súvisiaci s kumulovaním vysokých clearingových zostatkov národných centrálnych bánk v medzibankovom zúčtovacom systéme krajín Európskej menovej únie s názvom TARGET, resp. TARGET 2. Export a import tovarov a zúčtovací systém TARGET. Menová politka a zúčtovací systém TARGET. Nerovnováha bežných účtov v eurozóne a jej príčiny. Dopad nerovnováhy na zúčtovací systém. | ||
| 610 | 2 | 0 | |a banky centrálne |
| 610 | 2 | 0 | |a styk platobný medzinárodný |
| 610 | 2 | 0 | |a eurozóna |
| 610 | 2 | 0 | |a obchod zahraničný |
| 610 | 2 | 0 | |a politika menová |
| 610 | 2 | 0 | |a účty bežné |
| 610 | 2 | 0 | |a Európska únia |
| 100 | 1 | |a Mandel, Martin | |
| 700 | 1 | |a Tomšík, Vladimír | |